Statistics for Past 25 NCAA march madness champions

Click here to take the quiz!

General Stats

  • This quiz has been taken 2,648 times
    (2,627 since last reset)
  • The average score is 19 of 25

Answer Stats

HintAnswer% Correct
1992Duke
97%
2001Duke
97%
2015Duke
97%
2010Duke
97%
1993UNC
91%
2012Kentucky
88%
1996Kentucky
88%
1998Kentucky
88%
2016Villanova
85%
2008Kansas
82%
1999Uconn
79%
2011Uconn
76%
2014Uconn
76%
2004Uconn
76%
1995Ucla
75%
2006Florida
74%
2007Florida
74%
2000Michigan St
74%
2005UNC
69%
2009UNC
69%
2013Louisville
67%
2003Syracuse
63%
1997Arizona
53%
2002Maryland
47%
1994Arkansas
40%

Score Distribution

Percentile by Number Answered

Percent of People with Each Score

Your Score History

You have not taken this quiz since the last reset